[Event "OP-2013-0-03117"]
[Site "LSS email"]
[Date "2013.11.13"]
[Round "?"]
[White "Lenz, Juergen"]
[Black "Lasinski, Jacek"]
[Result "1-0"]
[WhiteElo "1101"]
[BlackElo "800"]
[PlyCount "59"]
[EventDate "2013.11.11"]
[EventType "tourn (corr)"]
[EventRounds "4"]
[EventCountry "GER"]
[SourceTitle "Corr 2022"]
[Source "ChessBase"]
[SourceDate "2021.10.24"]
[SourceVersion "1"]
[SourceVersionDate "2021.10.24"]
[SourceQuality "1"]

1. d4 d5 2. Nf3 Nf6 3. Bf4 Nbd7 4. h3 Nh5 5. Bh2 e6 6. e3 Bb4+ 7. c3 Ba5 8. Ne5 Nxe5 9. dxe5 b5 10. Qxh5 b4 11. Bb5+ Bd7 12. Qe2 c6 13. Bd3 a6 14. 0-0 0-0 15. f4 f5 16. g4 fxg4 17. hxg4 c5 18. Kh1 c4 19. Bc2 b3 20. axb3 Bc6 21. e4 Bb6 22. f5 exf5 23. exf5 Bc7 24. bxc4 dxc4+ 25. Be4 Qd7 26. Nd2 Bb5 27. Rad1 Rae8 28. e6 Qf7 29. exf7+ Rxf7 30. Bxc7 1-0